000 00389nam a22001697a 4500
003 CEME
005 20210628202333.0
008 210121b xxu||||| |||| 00| 0 eng d
040 _c.
082 _a922.97 HER
100 _aHer Landem
_959406
245 _aChangez khan
260 _aLAHORE
_bFUNK
_c2005
300 _a176
650 _aBIOGRAPHY-CHANGEZ KHAN
_959407
942 _cBK
_2ddc
999 _c569400
_d569400